000
00213nam a22000857a 4500
008
170617b xxu||||| |||| 00| 0 eng d
100
_9
3482
_a
CBSE
245
_a
Ass. Practical Science- X
260
_a
New Delhi
_b
CBSE
_c
2010
999
_c
6856
_d
6856